UBT Library

Historia e artit / (Record no. 508)

000 -LEADER
fixed length control field 00513nam a22001937a 4500
008 - FIXED-LENGTH DATA ELEMENTS--GENERAL INFORMATION
fixed length control field 141002b xxu||||| |||| 00| 0 eng d
041 0# - LANGUAGE CODE
Language code of text/sound track or separate title alb
080 ## - UNIVERSAL DECIMAL CLASSIFICATION NUMBER
Universal Decimal Classification number 7.03
Common auxiliary subdivision (075.8)
100 1# - Rafti
Rafti Muharremi, Hivzi;
245 10 - TITLE STATEMENT
Title Historia e artit /
250 ## -
-- Ribotim
260 ## -
-- Prishtinë:
-- Universiteti i Prishtinës,
-- 1998.
300 ## -
-- 191 f. :
-- me il ;
-- 24 cm.
500 ## -
-- Parathënia : f. 7
505 ## -
-- Literatura : f. 191
650 #0 -
-- Arti
650 #0 -
-- Historia
942 ## - ADDED ENTRY ELEMENTS (KOHA)
Source of classification or shelving scheme
Item type Books

No items available.

UBT Library © 2015-2024. All rights reserved University Education for Business and Technology